Statistics for Locations by Letter - Y

Click here to take the quiz!

General Stats

  • This quiz has been taken 26,480 times
    (18,365 since last reset)
  • The average score is 11 of 17

Answer Stats

DescriptionLocation% Correct
Country on the Arabian peninsulaYemen
96%
America's first national parkYellowstone
93%
Thoroughfare in Oz{Yellow} {Brick}
Road
88%
Alma mater of Clinton and BushYale
86%
Walled city in northern EnglandYork
80%
Territory that borders AlaskaYukon
79%
Where the Bronx Bombers play{Yankee} Stadium
76%
California national park where
you'll find El Capitan
Yosemite
74%
Mexican peninsula where an
asteroid struck 65 million years ago
Yucatan
73%
Crimean port and WWII conference siteYalta
57%
Capital of ArmeniaYerevan
53%
Take the 3:10 train to this Arizona townYuma
51%
Major city on Tokyo BayYokohama
48%
Belgian city and site of five
battles during WWI
Ypres
40%
Capital of Canada's Northwest TerritoriesYellowknife
39%
Largest city in MyanmarYangon
37%
Russian area near Irkutsk in
the board game Risk
Yakutsk
23%

Score Distribution

Percentile by Number Answered

Percent of People with Each Score

Your Score History

You have not taken this quiz since the last reset